Let the access taker beware (Record no. 75040)

MARC details
000 -LEADER
fixed length control field 01806cab a2200253 4500
001 - CONTROL NUMBER
control field L129272
008 - FIXED-LENGTH DATA ELEMENTS--GENERAL INFORMATION
fixed length control field 050407n2005 000 0 eng u
035 ## - SYSTEM CONTROL NUMBER
System control number (Sirsi) u129272
041 ## - LANGUAGE CODE
Language code of text/sound track or separate title eng
100 ## - MAIN ENTRY--PERSONAL NAME
Personal name Fox, Alasdair G
245 ## - TITLE STATEMENT
Title Let the access taker beware
260 ## - PUBLICATION, DISTRIBUTION, ETC.
Date of publication, distribution, etc. 2005
490 ## - SERIES STATEMENT
Series statement Journal of the Law Society of Scotland
Volume/sequential designation 50(3) March 2005, 55(1)
520 ## - SUMMARY, ETC.
Summary, etc. Examines the issue of increased occupier or land manager liability in the context of the statutory right of access to land enacted by the Land Reform (Scotland) Act 2003 Part I, which came into force on 9 February 2005. Is of the view that this has not significantly increased the risk of claims for injury from persons entering the property nor the likelihood of higher compensation rates being awarded because of it. The duty of care principle embodied in the Occupiers' Liability (Scotland) Act 1960 s2(1) still applies. Suggests that the duty of landowners to the public is a passive rather than active one. Looks to the Scottish Outdoor Access Code for evidence as to the standard of care required of land managers. Advises land managers not to forget other statutory responsibilities under the Health and Safety at Work Act 1974 s3(1) and the Animals (Scotland) Act 1987.
590 ## - LOCAL NOTE (RLIN)
Local note IKA150405
650 ## - SUBJECT ADDED ENTRY--TOPICAL TERM
Topical term or geographic name entry element LAND REFORM (SCOTLAND) ACT 2003
650 ## - SUBJECT ADDED ENTRY--TOPICAL TERM
Topical term or geographic name entry element OCCUPIERS` LIABILITY (SCOTLAND) ACT 1960 S2
650 ## - SUBJECT ADDED ENTRY--TOPICAL TERM
Topical term or geographic name entry element SCOTTISH OUTDOOR ACCESS CODE
650 ## - SUBJECT ADDED ENTRY--TOPICAL TERM
Topical term or geographic name entry element HEALTH AND SAFETY AT WORK ETC ACT 1974
650 ## - SUBJECT ADDED ENTRY--TOPICAL TERM
Topical term or geographic name entry element ANIMALS (SCOTLAND) ACT 1987
690 ## - LOCAL SUBJECT ADDED ENTRY--TOPICAL TERM (OCLC, RLIN)
Topical term or geographic name as entry element PROPERTY-RURAL AND NATURAL ASSETS-RURAL AND NATURAL ASSET MANAGEMENT-LAND MANAGEMENT
856 ## - ELECTRONIC LOCATION AND ACCESS
Uniform Resource Identifier <a href="https://www.legislation.gov.uk/asp/2003/2/contents/enacted">https://www.legislation.gov.uk/asp/2003/2/contents/enacted</a>
Public note View the Land Reform (Scotland) Act 2003 free of charge at www.legislation.gov.uk
942 ## - ADDED ENTRY ELEMENTS (KOHA)
Suppress in OPAC 0
Holdings
Withdrawn status Lost status Source of classification or shelving scheme Damaged status Not for loan Home library Current library Shelving location Date acquired Total Checkouts Full call number Barcode Date last seen Copy number Price effective from Koha item type
    Dewey Decimal Classification     London London Journal article 07/04/2005   L129272 129272-1001 06/08/2019 1 06/08/2019 Journal article